L'Arménie de A à Z - Statistiques

Statistiques générales
  • Ce quiz a été pris 586 fois
  • Le résultat moyen est 11 sur 21
Statistiques - réponses
Lettre Indice Réponse % Correct
A Célèbre chanteur français d'origine arménienne Charles Aznavour
97%
E Capitale Erevan
93%
I Suffixe caractéristique des noms de famille arméniens -ian
87%
C Chaîne de montagnes sur laquelle se situe l'Arménie Caucase
81%
H "Arménie" en arménien Hayastan
76%
O Empire dont faisait partie l'Arménie jusqu'en 1920 Empire ottoman
75%
D Unité monétaire Dram
72%
G Fruit emblématique Grenade
71%
U Union dont fit partie l'Arménie de 1936 à 1991 URSS
71%
Y Variation de I, suffixe caractéristique des noms de famille arméniens -yan
71%
S Lac de près de 1400 km2, situé au cœur de l'Arménie Lac Sevan
67%
T Prénom arménien, porté par plusieurs rois de la dynastie des Artaxiades Tigrane
42%
M Moine né au IVe siècle, à l'origine de l'alphabet arménien Mesrop Machtots
30%
K Sorte de stèle sculptée, spécificité de l'art arménien, inscrite au patrimoine mondial de l'UNESCO Khatchkar
26%
Z Plus grand aéroport du pays, desservant la capitale, et dont le nom vient du mot arménien signifiant "joyeux" Zvartnots
26%
B Footballeur franco-arménien, champion du monde avec l'Équipe de France en 1998 Alain Boghossian
24%
L Corridor reliant l'Arménie au Haut-Karabagh (Artsakh en arménien) Corridor de Latchine
19%
N Opération menée entre 1920 et 1922 par la Fédération révolutionnaire arménienne, pour éliminer plusieurs responsables du génocide arménien Opération Némésis
18%
X Célèbre roi perse achéménide sous lequel l'Arménie fut un État vassal Xerxès Ier
14%
V Réalisateur français d'origine arménienne, connu notamment pour avoir réalisé La Vache et le Prisonnier ou encore Peur sur la ville Henri Verneuil
12%
P Cinéaste soviétique d'origine arménienne, ayant notamment réalisé La couleur de la grenade Sergueï Paradjanov
7%
Aucun quiz correspondant
Distribution des résultats
% des personnes avec chaque résultat
Percentile par nombre de réponses
Votre historique - résultats
Vous n’avez pas pris ce quiz